Statistics for Top 23 countries with the most extreme income inequality

Click here to take the quiz!

General Stats

  • This quiz has been taken 271 times
  • The average score is 15 of 23

Answer Stats

Hint Answer % Correct
South AmericaBrazil
97%
Asia & EuropeRussia
94%
South AmericaArgentina
88%
North AmericaUnited States
86%
South AmericaChile
85%
South AmericaColombia
83%
AsiaIndia
82%
Asia & EuropeTurkey
81%
South AmericaPeru
78%
AfricaSouth Africa
69%
AsiaIndonesia
67%
AsiaSaudi Arabia
64%
AsiaThailand
63%
AfricaEgypt
60%
AsiaMalaysia
55%
EuropeNorway
47%
AsiaPhilippines
47%
EuropeSweden
45%
AsiaIsrael
43%
EuropeDenmark
41%
EuropeSwitzerland
41%
EuropeCzech Republic
23%
AsiaHongKong
17%

Score Distribution

Percentile by Number Answered

Percent of People with Each Score

Your Score History

You have not taken this quiz